|
|
|
|
| LEADER |
00000nam0a2200000 4500 |
| 001 |
311013 |
| 005 |
20231102002338.0 |
| 020 |
|
|
|a RU
|b 81-69433
|
| 035 |
|
|
|a (RuTPU)RU\TPU\book\336368
|
| 090 |
|
|
|a 311013
|
| 100 |
|
|
|a 20151202d1981 m y0rusy5003 ca
|
| 101 |
0 |
|
|a rus
|
| 102 |
|
|
|a RU
|
| 105 |
|
|
|a a z 001zy
|
| 200 |
1 |
|
|a Автоматизированные электроприводы и автоматические системы управления процессами металлургического производства
|e учебное пособие для вузов
|f Г. Г. Магазинник
|g Горьковский политехнический институт имени А. А. Жданова (ГПИ)
|
| 210 |
|
|
|a Горький
|c Изд-во ГПИ
|d 1981
|
| 215 |
|
|
|a 92 с.
|c ил.
|
| 320 |
|
|
|a Библиогр.: с.90
|
| 606 |
1 |
|
|a Сортопрокатные станы
|x Эксплуатация
|2 stltpush
|3 (RuTPU)RU\TPU\subj\55582
|9 73591
|
| 610 |
1 |
|
|a электроприводы
|
| 610 |
1 |
|
|a автоматическое управление
|
| 610 |
1 |
|
|a автоматизация
|
| 610 |
1 |
|
|a прокатное производство
|
| 610 |
1 |
|
|a расчеты
|
| 610 |
1 |
|
|a выбор
|
| 610 |
1 |
|
|a вспомогательные механизмы
|
| 610 |
1 |
|
|a аналоговые системы
|
| 610 |
1 |
|
|a дискретные системы управления
|
| 610 |
1 |
|
|a системы регулирования
|
| 610 |
1 |
|
|a программное управление
|
| 610 |
1 |
|
|a учебные пособия
|
| 675 |
|
|
|a 621.771.2(075.8)
|z rus
|v 3
|
| 700 |
|
1 |
|a Магазинник
|b Г. Г.
|g Григорий Герценович
|4 070
|
| 712 |
0 |
2 |
|a Горьковский политехнический институт имени А. А. Жданова (ГПИ)
|c (1950-1990)
|2 stltpush
|3 (RuTPU)RU\TPU\col\2321
|
| 801 |
|
0 |
|a RU
|b RuMRKP
|c 19950704
|g psbo
|
| 801 |
|
1 |
|a RU
|b 63413507
|c 20151202
|
| 801 |
|
2 |
|a RU
|b 63413507
|c 20191003
|g RCR
|
| 942 |
|
|
|c BK
|